• 首页
  • 本馆介绍
  • 公告通知
  • 最新文献
  • 馆藏检索
  • 电子资源
  • 读者导购
  • 参考咨询
  • 我的图书馆
  • 登录
  • 详细信息显示
  • 放入我的书架
  • 预约/预借图书
  • 作者相关作品
  • 分类相关作品
  • 丛书相关作品
  • 出版社相关作品

书目信息

  • 表格格式
  • 工作单格式
  • 卡片格式
题名:
数字电子技术常见题型解析及模拟题
    
 
作者: 王公望 主编
分册:  
出版信息: 西安   西北工业大学出版社  2000
页数: 246页
开本: 26cm
丛书名: 21世纪通向研究生之路系列丛书
单 册:
中图分类: TN79-44
科图分类:
主题词: 数字电路--电子技术--高等学校--教学参考资料
电子资源:
ISBN: 7-5612-1011-6
000 00755nam0 2200229 45
001 0306171483
005 20031219104111.2
010    @a7-5612-1011-6@dCNY21.00
100    @a20030617d2000 km y0chiy0120 ea
101 0  @achi
105    @a z 000yy
200 1  @a数字电子技术常见题型解析及模拟题@AShu Zi Dian Zi Ji Shu Chang Jian Ti Xing Jie Xi Ji Mo Ni Ti@f王公望主编@FWang Gong Wang Zhu Bian
205    @a2版
210    @a西安@c西北工业大学出版社@d2000
215    @a246页@d26cm
225    @a21世纪通向研究生之路系列丛书
410    @12001 @a21世纪通向研究生之路系列丛书
606 0  @a数字电路@x电子技术@x高等学校@x教学参考资料
690    @aTN79-44@v4
701  0 @a王公望@4主编
801    @aCN@bTSTC@c20030617
905    @b324318-322@dTN79-44@e26=2@f5
    
    数字电子技术常见题型解析及模拟题/王公望主编.-2版.-西安:西北工业大学出版社,2000
    246页;26cm.-(21世纪通向研究生之路系列丛书)
    
    
    ISBN 7-5612-1011-6:CNY21.00
    
●
相关链接 在E读中查询图书 在五车中查询图书 在当当中查询图书 在豆瓣中查询图书


正题名:数字电子技术常见题型解析及模拟题     索取号:TN79-44/26=2         预约/预借

序号 登录号 条形码 馆藏地/架位号 状态 备注
1 0324318   203243187   第三借阅区/ [索取号:TN79-44/26=2] 在馆    
2 0324319   203243196   第三借阅区/ [索取号:TN79-44/26=2] 在馆    
3 0324320   203243203   第三借阅区/ [索取号:TN79-44/26=2] 在馆    
4 0324321   203243212   第三借阅区/ [索取号:TN79-44/26=2] 在馆    
5 0324322   203243221   第二样本阅览室/ [索取号:TN79-44/26=2] 在馆    
唐山师范学院图书馆 欢迎您!
大连网信软件有限公司© 版权所有